000
00278nam a2200109Ia 4500
008
220204s9999 xx 000 0 und d
082
_a
065
_b
JOH
100
_a
Johnson, Harry J
245
0
_a
Keeping fit in your executive job
260
_a
Bombay
_b
Taraporevala
_c
1977
942
_c
BK
999
_c
30370
_d
30370